书目信息 |
| 题名: |
分子遗传学
|
|
| 作者: | 李振刚 编著 | |
| 分册: | ||
| 出版信息: | 北京 科学出版社 2000.1 |
|
| 页数: | 285页 | |
| 开本: | 26cm | |
| 丛书名: | ||
| 单 册: | ||
| 中图分类: | Q75-43 | |
| 科图分类: | ||
| 主题词: | 分子遗传学 | |
| 电子资源: | ||
| ISBN: | 7-03-007647-8 | |
| 000 | 00540nam0 2200193 45 | |
| 001 | 0232643371 | |
| 005 | 2002041309040331 | |
| 010 | @a7-03-007647-8@dRMB 30.00 | |
| 100 | @a20020413d2000 km y0chiy0120 ea | |
| 101 | 0 | @achi |
| 102 | @aCN@b110000 | |
| 200 | 1 | @a分子遗传学@AFen Zi Yi Chuan Xue@f李振刚编著@Fli zhen gang bian zhu |
| 210 | @a北京@c科学出版社@d2000.1 | |
| 215 | @a285页@d26cm | |
| 606 | 0 | @a分子遗传学 |
| 690 | @aQ75-43@v3 | |
| 701 | 0 | @a李振刚@Ali zhen gang@4编著 |
| 801 | 0 | @aCN@bPFT@c20020413 |
| 905 | @a安徽大学@dQ75-43@eL332 | |
| 分子遗传学/李振刚编著.-北京:科学出版社,2000.1 |
| 285页;26cm |
| ISBN 7-03-007647-8:RMB 30.00 |
| ● |
| 相关链接 |
|
|
|
正题名:分子遗传学
索取号:Q75-43/L332
 
预约/预借
| 序号 | 登录号 | 条形码 | 馆藏地/架位号 | 状态 | 备注 |
| 1 | 358886 | 203588867 | 自科库401/ [索取号:Q75-43/L332] | 在馆 | |
| 2 | 358887 | 203588876 | 自科库401/401自科库 31排2列1层/ [索取号:Q75-43/L332] | 在馆 | |
| 3 | 358888 | 203588885 | 自科库401/401自科库 31排2列1层/ [索取号:Q75-43/L332] | 在馆 |